Oldest Movie Companies - Statistics

General Stats
  • This quiz has been taken 31 times
  • The average score is 3 of 10
Answer Stats
Founded Company % Correct
1912, USA Universal
77%
1912, USA Paramount
65%
1923, USA Walt Disney
65%
1924, USA MGM
54%
1923, USA Warner Bros
54%
1896, France British Pathe
4%
1895, France Gaumont Film Company
4%
1912, Germany Studio Babelsberg
4%
1902, United Kingdom Ealing Studios
0%
1906, Denmark Nordisk
0%
No matching quizzes found
Score Distribution
Percent of People with Each Score
Percentile by Number Answered
Your Score History
You have not taken this quiz